| 000 | 02670nam a2200301 a 4500 | ||
|---|---|---|---|
| 003 | OSt | ||
| 005 | 20240905142953.0 | ||
| 007 | cr ||||||a|c|a | ||
| 008 | 230606s2019 mx a|||fom||| 001 0 spa d | ||
| 040 | _erda | ||
| 100 | 1 |
_9130886 _aFernández González, Iván |
|
| 245 | 1 | 0 |
_aAnálisis de la pobreza y desigualdad de ingresos en las zonas Noreste, Centro-Sur y Sureste de México, 2010-2016 / _cpor Iván Fernández González; director de tesis Francisco Pérez Soto. |
| 264 | 1 |
_aChapingo, México : _bEl autor, _c2019. |
|
| 300 |
_a1 recurso en línea ( 82 páginas): _bcuadros, gráficas. |
||
| 336 |
_2rdacontent _atexto _btxt |
||
| 337 |
_2rdamedia _acomputadora _bc |
||
| 338 |
_2rdacarrier _arecurso en línea _bcr |
||
| 502 |
_bMCEARN _cDICEA _d2019. _gMAE |
||
| 504 | _aIncluye referencias bibliográficas: páginas 75-82. | ||
| 520 | _aEn esta investigación se identificó el ingreso corriente mínimo, promedio y máximo de las familias, los índices de Gini, las curvas de Lorenz y los deciles de ingreso, así como el índice Foster Greer Thorbecke (FGT) para las zonas Noreste, Centro-Sur y Sureste de México para los años 2010 y 2016, de acuerdo a la Encuesta Nacional de Ingresos y Gastos de los Hogares. El ingreso corriente mensual mínimo más bajo le corresponde a la zona Sureste en el 2010 y 2016 con $100.82 y $458.69, el ingreso corriente mensual máximo más alto le corresponde al Sureste en el 2010 y al Noreste en el 2016 con $323,800.28 y $11,941,371.00 respectivamente. El índice FGT para la población rural más alta en el año 2010 le corresponde al Sureste con 45.7%, y en el año 2016 con 43.33%, para la población urbana en el 2010 el índice FGT más alto le corresponde al Sureste con 24.37% y en el 2016 con 27.91%. El índice de Gini más alto en el 2010 le corresponde a la zona Sureste con 0.4848 y en el 2016 le corresponde a la zona Noreste con 0.5200, lo que indica que existe desigualdad en estas zonas. Esta situación se entiende mejor al observar el decil diez que en el 2010 concentra 36.0% y un 44.19% del ingreso para las zonas mencionadas, y un 44.19% y 33.92% para el 2016, estos valores son tan diferentes en comparación con el primer decil que concentra entre 1.70% y 1.86% del ingreso | ||
| 650 | 0 |
_9144691 _aMéxico _x Condiciones económicas |
|
| 650 | 4 |
_958408 _aIngresos _zMéxico |
|
| 650 | 7 |
_9101283 _aSalarios mínimos _xMéxico |
|
| 650 | 4 |
_928549 _aCostos y nivel de vida _zMéxico |
|
| 700 | 1 |
_990046 _aPérez Soto, Francisco _eDirector de tesis. |
|
| 856 |
_uhttp://10.13.5.2/tesis/tm/Fernandez_Gonzales_Ivan.pdf _zDESCARGAR PDF |
||
| 942 |
_2Clasificación Universidad Autónoma Chapingo _cTD |
||
| 999 |
_c218916 _d218916 |
||